[Event "Düsseldorf 2 - Iserlohn"]
[Site "?"]
[Date "2024.04.07"]
[Round "8.5"]
[White "Kind, Bertram"]
[Black "Mueller, Michael"]
[Result "1/2-1/2"]
[WhiteElo "2159"]
[BlackElo "2174"]
[PlyCount "111"]
[EventDate "2024.??.??"]
[SourceVersionDate "2023.09.04"]

1. e4 e6 2. d4 d5 3. Nd2 dxe4 4. Nxe4 Bd7 5. Nf3 Bc6 6. Bd3 Nd7 7. O-O Bxe4 8. Bxe4 c6 9. c4 Ngf6 10. Bd3 Be7 11. b3 O-O 12. Bb2 Re8 13. Qc2 Qc7 14. Rfe1 Rad8 15. Rad1 g6 16. a3 Bf8 17. b4 a5 18. Bc3 axb4 19. axb4 b5 20. Qb3 bxc4 21. Bxc4 Nd5 22. Bxd5 cxd5 23. Ra1 Rb8 24. Reb1 Rec8 25. Bd2 Bd6 26. g3 Rb5 27. Rc1 Qb7 28. Rxc8+ Qxc8 29. Ra7 Bf8 30. Qa4 Qc6 31. Ra5 Rb6 32. Qxc6 Rxc6 33. Ra7 Nf6 34. Ne5 Rc2 35. Be3 Bxb4 36. Bh6 Rc8 37. Rxf7 Ne8 38. Rb7 Bd6 39. Nf3 Bc7 40. Ng5 Nd6 41. Rb1 Re8 42. Nf3 Nf7 43. Bd2 Rb8 44. Rc1 Bd8 45. Rc6 Rb6 46. Rc8 Kg7 47. Kg2 Bf6 48. Rc7 Ra6 49. Ng5 Bxg5 50. Bxg5 Ra4 51. Be3 Kf6 52. g4 h5 53. gxh5 gxh5 54. h4 Ra8 55. f3 Ra6 56. Kf2 1/2-1/2

[Event "Düsseldorf 2 - Iserlohn "]
[Site "?"]
[Date "2024.04.07"]
[Round "8.6"]
[White "Wiedenbruch, Paul"]
[Black "Glatzel, Jonas"]
[Result "0-1"]
[WhiteElo "2004"]
[BlackElo "2055"]
[PlyCount "108"]
[EventDate "2024.??.??"]
[SourceVersionDate "2023.09.04"]

1. e4 c5 2. Nf3 Nc6 3. Bb5 g6 4. Bxc6 dxc6 5. d3 Bg7 6. h3 Nf6 7. Nc3 Nd7 8. Be3 e5 9. Qd2 h6 10. O-O Qe7 11. Nh2 Nf8 12. f4 exf4 13. Bxf4 Ne6 14. Be3 Bd7 15. Rae1 O-O-O 16. a4 Rdf8 17. a5 Qd6 18. Nf3 f5 19. e5 Bxe5 20. Nxe5 Qxe5 21. Na4 Qd5 22. b4 f4 23. Bxc5 Nxc5 24. Nxc5 f3 25. Nxd7 Qxd7 26. Qf2 Rf7 27. Re3 Rhf8 28. gxf3 Qxh3 29. f4 Qg4+ 30. Qg3 Rxf4 31. Rfe1 g5 32. Qxg4+ Rxg4+ 33. Kh1 Rxb4 34. Re7 Rd8 35. a6 Rd7 36. axb7+ Rbxb7 37. R7e6 Rh7 38. Rxc6+ Rbc7 39. Rxc7+ Kxc7 40. Kg2 Kd6 41. Ra1 h5 42. Kg3 Kc6 43. Ra5 h4+ 44. Kh2 Rg7 45. Kg2 Kb6 46. Ra4 g4 47. c3 h3+ 48. Kg1 a5 49. Rc4 Rg6 50. Rd4 Kc5 51. Rc4+ Kb5 52. Rc8 a4 53. Rb8+ Ka5 54. Rb4 g3 0-1

[Event "Düsseldorf 2 - Iserlohn"]
[Site "?"]
[Date "2024.04.07"]
[Round "8.7"]
[White "Klauke, Stefan"]
[Black "Partenheimer, Axel"]
[Result "1/2-1/2"]
[WhiteElo "2075"]
[BlackElo "2123"]
[PlyCount "49"]
[EventDate "2024.??.??"]
[SourceVersionDate "2023.09.04"]

1. e4 c5 2. Nf3 e6 3. c3 Nf6 4. e5 Nd5 5. d4 cxd4 6. Nxd4 Qc7 7. Qe2 a6 8. g3 b5 9. Bg2 Bb7 10. O-O Nc6 11. Re1 Nxd4 12. cxd4 Be7 13. Nd2 d6 14. a4 bxa4 15. Rxa4 Nb6 16. Bxb7 Qxb7 17. Rb4 dxe5 18. Rb3 Qc6 19. dxe5 O-O 20. Ne4 Nd5 21. Bd2 Qc2 22. Rb7 Qc6 23. Rb3 Qc2 24. Rb7 Qc6 25. Rb3 1/2-1/2

[Event "Düsseldorf 2 - Iserlohn"]
[Site "?"]
[Date "2024.04.07"]
[Round "8.8"]
[White "Rudolph, Eva"]
[Black "Franz, Christian"]
[Result "1/2-1/2"]
[WhiteElo "1822"]
[BlackElo "2040"]
[PlyCount "31"]
[EventDate "2024.??.??"]
[SourceVersionDate "2023.09.04"]

1. e4 c5 2. Nf3 d6 3. d4 cxd4 4. Qxd4 Nc6 5. Bb5 Bd7 6. Qd3 g6 7. Nc3 Bg7 8. Bg5 Rc8 9. O-O a6 10. Bxc6 Bxc6 11. Rad1 Qa5 12. Bd2 Qh5 13. Nd4 Be5 14. Nf3 Bg7 15. Nd4 Be5 16. Nf3 1/2-1/2